CBI/GVA Grimley corporate real estate survey (Record no. 107831)
[ view plain ]
| 000 -LEADER | |
|---|---|
| fixed length control field | 01764cad a22002535a 4500 |
| 001 - CONTROL NUMBER | |
| control field | L142020 |
| 008 - FIXED-LENGTH DATA ELEMENTS--GENERAL INFORMATION | |
| fixed length control field | 080122s2007 xxkad f s 000 0 eng d |
| 035 ## - SYSTEM CONTROL NUMBER | |
| System control number | (Sirsi) u142020 |
| 041 0# - LANGUAGE CODE | |
| Language code of text/sound track or separate title | eng |
| 050 04 - LIBRARY OF CONGRESS CALL NUMBER | |
| Classification number | 333.22 $2 18 |
| 110 2# - MAIN ENTRY--CORPORATE NAME | |
| Corporate name or jurisdiction name as entry element | CBI/GVA Grimley |
| 9 (RLIN) | 5488 |
| 245 00 - TITLE STATEMENT | |
| Title | CBI/GVA Grimley corporate real estate survey |
| Remainder of title | Winter 2007/08 |
| Medium | [electronic resource] |
| 300 ## - PHYSICAL DESCRIPTION | |
| Extent | London |
| Other physical details | CBI/GVA Grimley |
| Dimensions | 2007/08 |
| 490 #0 - SERIES STATEMENT | |
| Series statement | CBI/GVA Grimley Corporate Real Estate Survey |
| Volume/sequential designation | Winter 2007/08 |
| 520 ## - SUMMARY, ETC. | |
| Summary, etc. | Reports on the current drivers for business and how they affect property portfolio management. Finds some business sectors seek to expand their property portfolios, including distribution, hotels and catering and construction. Finds that profitability and reducing costs remain the key business drivers; location and cost are the key factors influencing the decision to relocate; transport infrastructure is a major concern. The reduction of rate relief on empty properties is seen as having a negative effect, but this is not severe for most firms. Businesses view lower costs as the key benefit of eco-friendly buildings and occupiers are prepared to pay a higher rent for a green building. |
| 520 ## - SUMMARY, ETC. | |
| Summary, etc. | Formerly CBI/GVA Grimley Survey of Property Trends. |
| 590 ## - LOCAL NOTE (RLIN) | |
| Local note | KA NTK |
| 650 24 - SUBJECT ADDED ENTRY--TOPICAL TERM | |
| Topical term or geographic name entry element | CBI/CGV GRIMLEY CORPORATE REAL ESTATE SURVEY |
| 650 24 - SUBJECT ADDED ENTRY--TOPICAL TERM | |
| Topical term or geographic name entry element | RATING (EMPTY PROPERTIES) ACT 2007 |
| 651 #4 - SUBJECT ADDED ENTRY--GEOGRAPHIC NAME | |
| Geographic name | United Kingdom |
| Chronological subdivision | |
| 690 ## - LOCAL SUBJECT ADDED ENTRY--TOPICAL TERM (OCLC, RLIN) | |
| Topical term or geographic name as entry element | PROPERTY-COMMERCIAL PROPERTY-COMMERCIAL PROPERTY MARKET |
| 856 40 - ELECTRONIC LOCATION AND ACCESS | |
| Uniform Resource Identifier | <a href="https://uk.practicallaw.com/cs/Satellite?blobcol=urldata&blobheader=application%2Fpdf&blobkey=id&blobtable=MungoBlobs&blobwhere=1247246790389&ssbinary=true">https://uk.practicallaw.com/cs/Satellite?blobcol=urldata&blobheader=application%2Fpdf&blobkey=id&blobtable=MungoBlobs&blobwhere=1247246790389&ssbinary=true</a> |
| Public note | View this report free of charge under publications at http://uk.practicallaw.com |
| 942 ## - ADDED ENTRY ELEMENTS (KOHA) | |
| Suppress in OPAC | 0 |
| Withdrawn status | Lost status | Source of classification or shelving scheme | Damaged status | Not for loan | Home library | Current library | Shelving location | Date acquired | Total Checkouts | Full call number | Barcode | Date last seen | Copy number | Price effective from | Koha item type |
|---|---|---|---|---|---|---|---|---|---|---|---|---|---|---|---|
| Dewey Decimal Classification | Virtual | Virtual | Online | 22/01/2008 | ONLINE PUBLICATION | 142020-1001 | 06/08/2019 | 1 | 06/08/2019 | Book |